Фантазеры: рассказы; Для младшего школьного возраста

Chi tiết về thư mục
Tác giả chính: Носов Н. Н. Николай Николаевич
Tác giả khác: Вальк Г. (иллюстратор), Семенов И.
Ngôn ngữ:Tiếng Nga
Được phát hành: Москва, Дет. лит., 1978
Phiên bản:переиздание
Những chủ đề:
Định dạng: MixedMaterials Sách
KOHA link:https://koha.lib.tpu.ru/cgi-bin/koha/opac-detail.pl?biblionumber=131814

MARC

LEADER 00000nam0a2200000 4500
001 131814
005 20240802133141.0
035 |a (RuTPU)RU\TPU\book\142747 
090 |a 131814 
100 |a 20080222d1978 c y0rusy5003 ca 
101 0 |a rus 
102 |a RU 
105 |a a z 000ay 
200 1 |a Фантазеры  |e рассказы  |e Для младшего школьного возраста  |f Н. Н. Носов  |g худож. Г. Вальк ; И. Семенов 
205 |a переиздание 
210 |a Москва  |c Дет. лит.  |d 1978 
215 |a 222 с.  |c ил.  |d 23 см. 
606 |a Русская литература современная  |9 50316 
610 1 |a детская литература 
610 1 |a рассказы 
675 |a Р2  |v 4 
700 1 |a Носов  |b Н. Н.  |g Николай Николаевич  |4 070 
702 1 |a Вальк  |b Г.  |4 440 
702 1 |a Семенов  |b И.  |4 440 
801 0 |a RU  |b RuMRKP  |c 19950704  |g psbo 
801 1 |a RU  |b 63413507  |c 20080222  |g PSBO 
801 2 |a RU  |b 63413507  |c 20170515  |g PSBO 
942 |c BK